Music Quiz

Random Music or Lyrics Quiz
Score 0/299 Timer 10:00
0 Plays Today
Lyrics % Correct
the
100%
a
100%
the
100%
And
100%
And
100%
I
100%
the
100%
and
100%
I
100%
and
100%
I
100%
and
100%
a
100%
And
100%
I
100%
And
100%
I
100%
the
100%
and
100%
I
100%
and
100%
I
100%
(I
100%
and
100%
You
95.2%
you
95.2%
You
95.2%
you
95.2%
[PRE-CHORUS]:
95.2%
I'll
95.2%
be
95.2%
there
95.2%
you
95.2%
be
95.2%
there
95.2%
you
95.2%
you
95.2%
be
95.2%
there
95.2%
[CHORUS:]
95.2%
I'll
95.2%
be
95.2%
there,
95.2%
I'll
95.2%
be
95.2%
there,
95.2%
I'll
95.2%
be
95.2%
there
95.2%
you
95.2%
I'll
95.2%
be
95.2%
there,
95.2%
I'll
95.2%
be
95.2%
there,
95.2%
I'll
95.2%
be
95.2%
there
95.2%
you
95.2%
you
95.2%
I'll
95.2%
be
95.2%
there,
95.2%
I'll
95.2%
be
95.2%
there,
95.2%
I'll
95.2%
be
95.2%
there
95.2%
you,
95.2%
be
95.2%
I'll
95.2%
be
95.2%
be
95.2%
you
95.2%
You
95.2%
you
95.2%
[PRE-CHORUS]
95.2%
[CHORUS]
95.2%
I'll
95.2%
be
95.2%
there
95.2%
you
95.2%
be
95.2%
there
95.2%
I'll
95.2%
you
95.2%
be
95.2%
there
95.2%
be
95.2%
there)
95.2%
[CHORUS]:
95.2%
I'll
95.2%
be
95.2%
there,
95.2%
I'll
95.2%
be
95.2%
there,
95.2%
I'll
95.2%
Lyrics % Correct
be
95.2%
there
95.2%
you
95.2%
I'll
95.2%
be
95.2%
there,
95.2%
I'll
95.2%
be
95.2%
there,
95.2%
I'll
95.2%
be
95.2%
there
95.2%
you
95.2%
you
95.2%
I'll
95.2%
be
95.2%
there,
95.2%
I'll
95.2%
be
95.2%
there,
95.2%
I'll
95.2%
be
95.2%
there
95.2%
you
95.2%
I'll
95.2%
be
95.2%
there
95.2%
you
95.2%
for
90.5%
your
90.5%
your
90.5%
your
90.5%
for
90.5%
for
90.5%
your
90.5%
for
90.5%
your
90.5%
for
90.5%
your
90.5%
your
90.5%
your
90.5%
your
90.5%
for
90.5%
for
90.5%
your
90.5%
for
90.5%
for
90.5%
When
85.7%
down
85.7%
to
85.7%
no
85.7%
got
85.7%
when
85.7%
When
85.7%
down,
85.7%
d-down
85.7%
on
85.7%
No
85.7%
got
85.7%
When
85.7%
down,
85.7%
d-down
85.7%
on
85.7%
No
85.7%
got
85.7%
When
85.7%
to
85.7%
to
85.7%
got
85.7%
when
85.7%
when
85.7%
When
85.7%
down,
85.7%
d-down
85.7%
on
85.7%
When
85.7%
down,
85.7%
d-down
85.7%
on
85.7%
No
85.7%
got
85.7%
river
81%
ocean
81%
one
81%
my
81%
highs
81%
lows
81%
heart
81%
broke
81%
By
81%
you're
81%
all
81%
you're
81%
luck
81%
too
81%
drunk
81%
you're
81%
luck
81%
too
81%
drunk
81%
Lyrics % Correct
heart
81%
too
81%
you're
81%
highs
81%
lows
81%
heart
81%
broke
81%
By
81%
you're
81%
all
81%
you're
81%
luck
81%
all
81%
my
81%
you're
81%
luck
81%
too
81%
drunk
81%
tears
76.2%
are
76.2%
rolling
76.2%
Like
76.2%
question
76.2%
Everybody
76.2%
somebody
76.2%
me
76.2%
Give
76.2%
side
76.2%
alone
76.2%
will
76.2%
home
76.2%
2
76.2%
A.M.
76.2%
I'mma
76.2%
pick
76.2%
will
76.2%
home
76.2%
will
76.2%
Everybody
76.2%
somebody
76.2%
me
76.2%
Give
76.2%
side
76.2%
alone
76.2%
will
76.2%
pick
76.2%
will
76.2%
will
76.2%
home
76.2%
there's
71.4%
else
71.4%
won't
71.4%
needs
71.4%
know
71.4%
know
71.4%
know
71.4%
if
71.4%
up
71.4%
Needs
71.4%
know
71.4%
know
71.4%
know
71.4%
up
71.4%
around
66.7%
devotion
66.7%
that
66.7%
that
66.7%
that
66.7%
ride
66.7%
ride
66.7%
that
66.7%
that
66.7%
that
66.7%
ride
66.7%
mine
61.9%
gets
61.9%
it's
61.9%
broken
61.9%
open
61.9%
open
61.9%
mine
61.9%
gets
61.9%
it's
61.9%
not
61.9%
could
57.1%
use
57.1%
break
57.1%
enough
57.1%
Take
57.1%
hand
57.1%
yeah
52.4%
patient,
52.4%
wait
52.4%
ready
52.4%
but
52.4%
Until
47.6%
Woah,
42.9%
Gave
42.9%
Woah,
42.9%
Remove Ads.
Support Sporcle.
Get the best of Sporcle when you Go Orange. This ad-free experience offers more features, more stats, and more fun while also helping to support Sporcle. Thank you for becoming a member.

You're not logged in!

Compare scores with friends on all Sporcle quizzes.
OR
Log In

Show Comments

Extras

Created Sep 24, 2019ReportNominate
Tags:Lyrics Quiz, earth, Walk-off

Top Quizzes Today


Score Distribution

Your Account Isn't Verified!

In order to create a playlist on Sporcle, you need to verify the email address you used during registration. Go to your Sporcle Settings to finish the process.

Report this User

Report this user for behavior that violates our Community Guidelines.

Details: